[Event "SUI-ch 121st"]
[Site "Samnaun"]
[Date "2022.07.05"]
[Round "2"]
[White "Fecker, Noah"]
[Black "Buehler, Michael"]
[Result "1/2-1/2"]
[WhiteElo "2387"]
[BlackElo "2064"]
[PlyCount "90"]
[EventDate "2022.07.04"]
[EventType "swiss"]
[EventRounds "9"]
[EventCountry "SUI"]
[SourceTitle "CBM 209 Extra"]
[Source "ChessBase"]
[SourceDate "2022.09.30"]
[SourceVersion "1"]
[SourceVersionDate "2022.09.30"]
[SourceQuality "1"]

1. e4 e5 2. Nf3 Nc6 3. Bb5 a6 4. Ba4 Nf6 5. 0-0 Be7 6. Re1 b5 7. Bb3 d6 8. c3 0-0 9. h3 Nb8 10. d4 Nbd7 11. Nbd2 Bb7 12. Bc2 Re8 13. Nf1 Bf8 14. Ng3 g6 15. Bd2 Bg7 16. Qc1 d5 17. Bg5 Qc8 18. dxe5 Nxe4 19. Bf4 Nxg3 20. Bxg3 c5 21. Qf4 Nf8 22. Ng5 Qd7 23. Rad1 Qe7 24. Bh4 h6 25. Ne4 g5 26. Bxg5 hxg5 27. Nxg5 Bh6 28. Re3 Ng6 29. Bxg6 fxg6 30. Rg3 Kg7 31. h4 Rf8 32. Qe3 Rf5 33. f4 Bxg5 34. hxg5 Rh8 35. Rh3 Rff8 36. Rxh8 Rxh8 37. e6 Rf8 38. g4 Kg8 39. Qe5 d4 40. cxd4 cxd4 41. Rxd4 Qh7 42. Rd7 Qh1+ 43. Kf2 Qg2+ 44. Ke3 Qf3+ 45. Kd2 Qf2+ 1/2-1/2

[Event "Davos Challenge op"]
[Site "Davos"]
[Date "2022.06.04"]
[Round "3"]
[White "Buehler, Michael"]
[Black "Mattenberger, Matthias"]
[Result "1/2-1/2"]
[WhiteElo "2080"]
[BlackElo "1985"]
[PlyCount "79"]
[EventDate "2022.06.03"]
[EventType "swiss"]
[EventRounds "7"]
[EventCountry "SUI"]
[SourceTitle "CBM 208 Extra"]
[Source "ChessBase"]
[SourceDate "2022.07.31"]
[SourceVersion "1"]
[SourceVersionDate "2022.07.31"]
[SourceQuality "1"]

1. d4 Nf6 2. c4 g6 3. g3 Bg7 4. Bg2 d5 5. cxd5 Nxd5 6. Nf3 Nb6 7. 0-0 Nc6 8. e3 0-0 9. Nc3 Re8 10. b3 e5 11. dxe5 Nxe5 12. Nxe5 Bxe5 13. Bb2 Qxd1 14. Nxd1 Bg7 15. Bxg7 Kxg7 16. Nc3 c6 17. Ne4 Re7 18. Rfd1 a5 19. Rd4 a4 20. Rb4 Nd5 21. Rxa4 Rxa4 22. bxa4 Bf5 23. Nd6 Bc2 24. Bxd5 cxd5 25. a5 d4 26. exd4 Rd7 27. Nb5 Rd5 28. a4 Bd3 29. Nc3 Rxa5 30. Ra2 Ra8 31. Rd2 Bf5 32. Rb2 Rc8 33. Rb3 Bc2 34. Ra3 Rc4 35. d5 Rd4 36. a5 Rd3 37. f4 Bd1 38. Kf2 Bf3 39. d6 Bc6 40. Nb1 1/2-1/2

[Event "SUI-ch TP1"]
[Site "Payerne"]
[Date "2022.05.27"]
[Round "3"]
[White "Buehler, Michael"]
[Black "Colmenares, Aurelio"]
[Result "0-1"]
[WhiteElo "2080"]
[BlackElo "2318"]
[PlyCount "82"]
[EventDate "2022.05.26"]
[EventType "swiss"]
[EventRounds "7"]
[EventCountry "SUI"]
[SourceTitle "CBM 208 Extra"]
[Source "ChessBase"]
[SourceDate "2022.07.31"]
[SourceVersion "1"]
[SourceVersionDate "2022.07.31"]
[SourceQuality "1"]

1. d4 Nf6 2. c4 g6 3. Nf3 Bg7 4. g3 c6 5. Bg2 d5 6. cxd5 cxd5 7. Nc3 Ne4 8. Ne5 Nd7 9. Nxe4 dxe4 10. Nxd7 Qxd7 11. Bxe4 Qxd4 12. Qxd4 Bxd4 13. 0-0 Bh3 14. Rd1 0-0-0 15. e3 Bc3 16. Bf3 Rxd1+ 17. Bxd1 Bf6 18. Be2 Rd8 19. f3 Bf5 20. Kf2 Bc2 21. Ke1 h5 22. a3 Ba4 23. Rb1 h4 24. b3 hxg3 25. hxg3 Bc6 26. Bb2 Bxb2 27. Rxb2 Rh8 28. Kf2 Rh1 29. e4 Ra1 30. a4 Kc7 31. Bc4 e6 32. Ke3 Kd6 33. Kf4 e5+ 34. Kg5 Ke7 35. g4 Rh1 36. f4 f6+ 37. Kxg6 Bxe4+ 38. Kg7 Rg1 39. g5 exf4 40. Re2 Rxg5+ 41. Kh6 Re5 0-1

[Event "RB-2011-0-00125"]
[Site "LSS email"]
[Date "2011.08.02"]
[Round "?"]
[White "Buehler, Michael"]
[Black "Janosi, Ervin"]
[Result "0-1"]
[WhiteElo "1979"]
[BlackElo "2025"]
[PlyCount "58"]
[EventDate "2011.07.09"]
[EventType "tourn (corr)"]
[EventRounds "6"]
[EventCountry "GER"]
[SourceTitle "Telechess CBM 151"]
[Source "ChessBase"]
[SourceDate "2012.11.13"]
[SourceVersion "1"]
[SourceVersionDate "2012.11.13"]
[SourceQuality "1"]

1. b3 e5 2. Bb2 Nc6 3. e3 Nf6 4. Bb5 d6 5. Nf3 a6 6. Bxc6+ bxc6 7. d4 e4 8. Nfd2 d5 9. c4 a5 10. Nc3 Bd6 11. Qc1 0-0 12. Ba3 Bb4 13. Na4 Ng4 14. Bxb4 axb4 15. h3 Nh6 16. cxd5 cxd5 17. Qc5 Nf5 18. Rc1 Ba6 19. g3 Rb8 20. Qa5 Qd6 21. Nxe4 Qh6 22. Qxd5 Nxe3 23. Qg5 Qxg5 24. Nxg5 Nf5 25. Kd2 Nxd4 26. Rxc7 h6 27. Nc5 Bc8 28. Nge4 Nb5 29. Re7 f5 0-1